000 00363cam a22001217a 4500
008 180718b1989 xxu||||| |||| 00| 0 eng d
082 _aA75 M278KO
245 _aGazetteer of the Bombay Presidency: Kolaba
_cedited by K.K. Chaudhari
260 _aBombay
_bGazetteer Department
_c1989
300 _a493+p.
650 _aKolaba - Gazetteers
700 _aChaudhari, K.K.
999 _c486455
_d486455